Disident : Alexej Navalnyj : profil politického vězně /
Život a politická činnost ruského opozičního aktivisty Alexeje Navalného v kontextu s vnitropolitickým vývojem v Rusku v průběhu tohoto století.
Uloženo v:
| Hlavní autor: | |
|---|---|
| Další autoři: | |
| Médium: | E-kniha |
| Jazyk: | Czech |
| Vydáno: |
Praha :
Euromedia Group,
2024
|
| Vydání: | Vydání první |
| Edice: | Universum (Euromedia Group)
|
| Témata: | |
| Tagy: |
Žádné tagy |
| LEADER | 03169nam a2200745 i 4500 | ||
|---|---|---|---|
| 001 | 312479 | ||
| 003 | CZ PrSKC | ||
| 005 | 20260601215723.0 | ||
| 007 | ta | ||
| 008 | 240613s2024 xr e 001 0bcze | ||
| 015 | |a cnb003611339 | ||
| 020 | |a 9788028400491 |q (brožováno) | ||
| 035 | |a (OCoLC)1459785491 | ||
| 040 | |a BOA001 |b cze |e rda | ||
| 041 | 1 | |a cze |h eng | |
| 043 | |a e-ru--- | ||
| 045 | |a x7y2 | ||
| 072 | 7 | |a 32 |x Politika |2 Konspekt | |
| 072 | 7 | |a 929 |x Biografie |2 Konspekt | |
| 080 | |a 32-051 |2 MRF | ||
| 080 | |a 34-051 |2 MRF | ||
| 080 | |a 343.851:343.35 |2 MRF | ||
| 080 | |a 329.052:328.123 |2 MRF | ||
| 080 | |a 323.28 |2 MRF | ||
| 080 | |a 328/329 |2 MRF | ||
| 080 | |a 929 |2 MRF | ||
| 080 | |a (470+571) |2 MRF | ||
| 080 | |a (092) |2 MRF | ||
| 100 | 1 | |a Herszenhorn, David |7 mzk20241236817 |4 aut | |
| 240 | 1 | 0 | |a Dissident. |l Česky |
| 245 | 1 | 0 | |a Disident : |b Alexej Navalnyj : profil politického vězně / |c David M. Herszenhorn ; z anglického originálu The dissident ... přeložil Tomáš Piňos |
| 246 | 3 | 0 | |a Alexej Navalnyj |
| 250 | |a Vydání první | ||
| 264 | 1 | |a Praha : |b Euromedia Group, |c 2024 | |
| 300 | |a 284 stran ; |c 23 cm | ||
| 336 | |a text |b txt |2 rdacontent | ||
| 337 | |a bez média |b n |2 rdamedia | ||
| 338 | |a svazek |b nc |2 rdacarrier | ||
| 490 | 1 | |a Universum | |
| 504 | |a Obsahuje bibliografické odkazy a rejstřík | ||
| 520 | 2 | |a Život a politická činnost ruského opozičního aktivisty Alexeje Navalného v kontextu s vnitropolitickým vývojem v Rusku v průběhu tohoto století. | |
| 600 | 1 | 7 | |a Naval‘nyj, Aleksej Anatol‘jevič, |d 1976-2024 |7 jo2013765444 |2 czenas |
| 648 | 7 | |a 20.-21. století |7 ch462155 |2 czenas | |
| 648 | 4 | |a 1976-2024 | |
| 650 | 0 | 7 | |a politici |7 ph115781 |z Rusko |y 20.-21. století |2 czenas |
| 650 | 0 | 7 | |a právníci |7 ph124721 |z Rusko |y 20.-21. století |2 czenas |
| 650 | 0 | 7 | |a boj proti korupci |7 ph164240 |z Rusko |y 20.-21. století |2 czenas |
| 650 | 0 | 7 | |a politická opozice |7 ph124235 |z Rusko |y 20.-21. století |2 czenas |
| 650 | 0 | 7 | |a politická perzekuce |7 ph124236 |z Rusko |y 20.-21. století |2 czenas |
| 650 | 0 | 9 | |a politicians |z Russia |y 20th-21st centuries |2 eczenas |
| 650 | 0 | 9 | |a lawyers |z Russia |y 20th-21st centuries |2 eczenas |
| 650 | 0 | 9 | |a corruption control |z Russia |y 20th-21st centuries |2 eczenas |
| 650 | 0 | 9 | |a political opposition |z Russia |y 20th-21st centuries |2 eczenas |
| 650 | 0 | 9 | |a political persecution |z Russia |y 20th-21st centuries |2 eczenas |
| 651 | 7 | |a Rusko |7 ge128566 |x politika a vláda |y 20.-21. století |2 czenas | |
| 651 | 9 | |a Russia |x politics and government |y 20th-21st centuries |2 eczenas | |
| 655 | 7 | |a biografie |7 fd131909 |2 czenas | |
| 655 | 9 | |a biography |2 eczenas | |
| 700 | 1 | |a Piňos, Tomáš |7 xx0046041 |4 trl | |
| 830 | 0 | |a Universum (Euromedia Group) | |
| 900 | |a ABA001 |b 20 | ||
| 044 | |a xr | ||
| 910 | |a RBIT002 | ||
| 998 | |d 410032 |a https://core.palmknihy.cz/api/books/410032/cover?si5x4e |b https://core.palmknihy.cz/api/books/410032/cover/400?si5x4e |c https://core.palmknihy.cz/api/books/410032/cover/50?si5x4e |e 2029-04-24 |g 288 |i 9788028400491 |j https://core.palmknihy.cz/api/books/410032/preview.epub |l |q 49 |r 1 |s https://www.palmknihy.cz/kniha/410032 |t ebook |y 2024 |z 0 | ||
| 999 | |d 312477 | ||